000 00671nam a2200229 i 4500
001 C2-0245134
003 PPAK
005 20180727210200.0
008 030303s xx |||| ||||| | eng d
040 _aPPAK
_beng
_cPPAK
_erda
082 0 4 _a959.5
_223
090 0 0 _a959.5
_bBON
_dKK
100 1 _aBonney, R.,
_eauthor
245 1 0 _aTowards Malaysian History
264 1 _a[place of publication not identified] :
_b[publisher not identified] ,
_c[date of publication not identified]
300 _a[5 pages] ;
_c21 cm
336 _2rdacontent
_atext
337 _2rdamedia
_aunmediated
338 _2rdacarrier
_avolume
650 1 0 _aKedah - History
942 _ddc
_cB
999 _c59218
_d59218